Joueurs Français passés par le Real Madrid - Statistiques

Statistiques générales
  • Ce quiz a été pris 415 fois
    145 depuis la dernière actualisation
  • Le résultat moyen est 13 sur 22
Statistiques - réponses
Année Joueur Stats % Correct
2016-2017 Enzo Zidane 1 MJ, 1 B
97%
2019-2020 Luca Zidane 2 MJ, 0 B
97%
2001-2006 Zinédine Zidane 227 MJ, 49 B
97%
2021- Eduardo Camavinga 145 MJ, 2 B
96%
2022- Aurélien Tchouaméni 88 MJ, 3 B
95%
2009-2023 Karim Benzema 623 MJ, 335 B
95%
2019- Ferland Mendy 171 MJ, 6 B
94%
2011-2021 Raphaël Varane 360 MJ, 17 B
90%
2024- Kylian Mbappé 0 MJ, 0 B
88%
1956-1959 Raymond Kopa 101 MJ, 30 B
73%
2009-2012 Lassana Diarra 116 MJ, 1 B
72%
2000-2003 Claude Makélélé 145 MJ, 2 B
68%
1999-2000 Nicolas Anelka 33 MJ, 7 B
59%
2008-2009 Julien Faubert 2 MJ, 0 B
56%
2019-2020 Alphonse Areola 9 MJ, 0 B
50%
2017-2019 Theo Hernández 23 MJ, 0 B
50%
1998-2000 Christian Karembeu 82 MJ, 4 B
47%
1916-1917 René Petit 8 MJ, 1 B
13%
1962-1965 Lucien Muller 92 MJ, 3 B
8%
1950-1951 Jean Luciano 17 MJ, 1 B
1%
1950-1953 Louis Hon 41 MJ, 0 B
1%
1928-1929 Manuel Anatol
1%
Aucun quiz correspondant
Distribution des résultats
% des personnes avec chaque résultat
Percentile par nombre de réponses
Votre historique - résultats
Vous n’avez pas pris ce quiz depuis la dernière actualisation